000 00272nam a22001217a 4500
041 _aENG
100 _aPartab .H
245 _aElementary Electrical Engineering
260 _aDelhi
_bDhanpat Rai & Co .( P ) LTD
_c1997
300 _a233
650 _aEOES
856 _uEOES
999 _c515
_d515